Δίκαιο, σύνταγμα, πολιτική

Αποθηκεύτηκε σε:
Λεπτομέρειες βιβλιογραφικής εγγραφής
Κύριος συγγραφέας: Μάνεσης, Αριστόβουλος Ι., 1922-2000
Μορφή: Βιβλίο
Γλώσσα:Greek
Δημοσίευση: Θεσσαλονίκη : Παρατηρητής, [1983?].
Σειρά:Δίκαιο και πολιτική (Παρατηρητής) ; 11
Θέματα:
Ετικέτες: Προσθήκη ετικέτας
Δεν υπάρχουν, Καταχωρήστε ετικέτα πρώτοι!

MARC

LEADER 00000cam a2200000 i 4500
001 1/97552
008 991222s gr | ||| |||| ||gre||
035 |l 10056178 
040 |a GR-MY-UA  |b gre  |e aacr 
041 0 |a gre 
082 7 |a 342   |2 (22) 
100 1 |a Μάνεσης, Αριστόβουλος Ι.,   |d 1922-2000. 
245 1 0 |a Δίκαιο, σύνταγμα, πολιτική /   |c Αριστόβουλος Ι. Μάνεσης.  
260 |a Θεσσαλονίκη :   |b Παρατηρητής,   |c [1983?].  
300 |a 145 σ. ;   |c 21 εκ.  
490 1 |a (Δίκαιο και πολιτική / Παρατηρητής) ;   |v  11) 
650 0 0 |a Constitutional law. 
830 0 |a Δίκαιο και πολιτική (Παρατηρητής)  |v  ; 11 
852 |a INST  |b CHIOS  |e 20070309  |h 342 ΜΑΝ  |p 005200029064  |q 005200029064  |t BK  |y 0 
852 |a INST  |b LESVOS  |e 19991222  |h 342 ΜΑΝ  |p 005100022289  |q 005100022289  |t BK  |y 0 
852 |a INST  |b LESVOS  |e 20090413  |h 342 ΜΑΝ  |p 005100044786  |q 005100044786  |t BK  |y 0 
901 |a BIBL1-2000-1 
901 |a BIBL2-2007-1 
901 |a BIBL1-2009-1 
909 |a Λ  |b 071757 
909 |a Χ  |b 130873 
909 |a Λ  |b 141272 
922 |a 1ΕΛΗ  |b 199912  |c ΤΑΚ/ΤΚ  |d ΠΑΠΑΣΩΤΗΡΙΟΥ 
970 |a ΚΑΜΑΤΣΟΥ  |b ΔΕΣΠΟΙΝΑ  |z 2000/01/04